000 00726cab a2200229 4500
001 WB3507-13
008 090401t1999 xxu||||| |||| 00| 0 eng d
035 _a(Sirsi) u91429
041 _aeng
245 _aIrish investors
260 _c1999
350 _a0
490 _aIrish Times
_v17 February 1999, 2.5(1)
520 _aDue to an increasing lack of stock of commercial property in Ireland, Irish investors are using London`s auction houses to purchase property in the UK.
650 _aINVESTORS
650 _aEIRE
650 _aAuctioneering
_96218
650 _aPROPERTY INVESTMENT
690 _aPROPERTY-COMMERCIAL PROPERTY-COMMERCIAL PROPERTY FINANCE AND INVESTMENT
942 _n0
948 _c18/02/1999
999 _c58040
_d58040